Dicionário infantil dos três idiomas (Registo nº 4387)

Detalhes MARC
000 -Etiqueta do registo
Cabeçalho 01160cam a2200313 4500
005 - Identificador da versão
Campo de controlo 20240813122059.0
095 ## -
-- PTBN00041251
021 ## - Número do Depósito Legal
Código do país PT
Número 14471/87
100 ## - Dados gerais de processamento
Dados gerais de processamento 19870518d1987 am y0pory5003 ba
102 ## - Pais de publicação ou produção
País de publicação Portugal
101 1# - Língua de publicação
Língua do texto, banda sonora, etc. Português
Língua do documento no original Inglês
215 ## - Descrição física 
Indicação específica da natureza do documento e extensão da espécie 101 p.
Outras indicações físicas todo il.
Dimensões 31 cm
200 1# - Titulo e menção de responsabilidade
Título próprio Dicionário infantil dos três idiomas
Primeira menção de responsabilidade adapt.Regina Sales
Outras menções de responsabilidade baseado na obra de Bertha Morris Parker
-- il.Aurelius Battaglia
-- rev. linguística de Stephanie Daupias Rodrigues e Marie Christine Georgetout de Castro Lopes
225 1# - Colecção 
Título próprio da colecção Livro de ouro Verbo infantil
Indicação de volume 7
210 ## - Publicação, Distribuição, etc. 
Lugar da edição, distribuição, etc. Lisboa
Nome do editor, distribuidor, etc. Verbo
Data da publicação, distribuição, etc. imp. 1987
304 ## - Notas relativas a título e menção de responsabilidade 
Texto da nota Tit. orig. The new golden dictionary
675 ## - Classificação Decimal Universal (CDU)
Notação 087.5
Edição BN
Língua da edição por
Notação 811.134.3(038)=111
Edição BN
Língua da edição por
Notação 811.134.3(038)=133.1
Edição BN
Língua da edição por
702 #1 - Nome de autor-pessoa física (responsabilidade secundária)
Número de registo de entrada de autoridade 0001190
Palavra de ordem Parker
Outra parte do nome não tomada para palavra de ordem Bertha Morris
Código de função Antecedente bibliográfico
Número de registo de entrada de autoridade 0001191
Palavra de ordem Battaglia
Outra parte do nome não tomada para palavra de ordem Aurelius
Código de função Ilustrador / Técnico de desenho computorizado
Número de registo de entrada de autoridade 0001192
Palavra de ordem Rodrigues
Outra parte do nome não tomada para palavra de ordem Stephanie Daupias
Código de função Revisor
Número de registo de entrada de autoridade 0001193
Palavra de ordem Lopes
Outra parte do nome não tomada para palavra de ordem Marie Christine Georgetout de Castro
Código de função Revisor
700 #1 - Nome de autor-pessoa física (responsabilidade principal)
Número de registo de entrada de autoridade 0001189
Palavra de ordem Sales
Outra parte do nome não tomada para palavra de ordem Regina
942 ## - Elementos de entrada adicionados (Koha)
Tipo de item no Koha Livro
Exemplares
Situação do levantamento Origin of item (home branch) (coded) Biblioteca de empréstimo Código de barras Cota Circulation type (not for loan) Tipo de documento Nota do exemplar Damaged status
  Biblioteca Escolar das Vendas Biblioteca Escolar das Vendas BEV2104 0 DIC SAL   Livro Sem mensagem